ARRUPE JESUIT UNIVERSITY

CORONAVIRUS -STOP THE SPREAD - CLEAN,DISINFECT,COVER

Einstein's space and Van Gogh's sky: (Record no. 122575)

MARC details
000 -LEADER
fixed length control field 00644nam a22001937a 4500
008 - FIXED-LENGTH DATA ELEMENTS--GENERAL INFORMATION
fixed length control field 150407b xxu||||| |||| 00| 0 eng d
020 ## - INTERNATIONAL STANDARD BOOK NUMBER
International Standard Book Number 0020931808
050 ## - LIBRARY OF CONGRESS CALL NUMBER
Classification number Q175.L444 1983
100 ## - MAIN ENTRY--PERSONAL NAME
Personal name LeShan, Lawrence.
9 (RLIN) 16910
245 ## - TITLE STATEMENT
Title Einstein's space and Van Gogh's sky:
Remainder of title physical reality and beyond.
Statement of responsibility, etc /by Lawrence LeShan and Henry Margenau
260 ## - PUBLICATION, DISTRIBUTION, ETC. (IMPRINT)
Place of publication, distribution, etc New York
Name of publisher, distributor, etc Collier books
Date of publication, distribution, etc 1982
300 ## - PHYSICAL DESCRIPTION
Extent xiv,268p. ;
Dimensions 24cm.
650 ## - SUBJECT ADDED ENTRY--TOPICAL TERM
Topical term or geographic name as entry element Science
General subdivision Philosophy
9 (RLIN) 16911
650 ## - SUBJECT ADDED ENTRY--TOPICAL TERM
Topical term or geographic name as entry element Science
General subdivision Methodology
9 (RLIN) 16912
650 ## - SUBJECT ADDED ENTRY--TOPICAL TERM
Topical term or geographic name as entry element Reality
9 (RLIN) 16913
650 ## - SUBJECT ADDED ENTRY--TOPICAL TERM
Topical term or geographic name as entry element Reductionism
9 (RLIN) 11376
700 ## - ADDED ENTRY--PERSONAL NAME
Personal name Margenau, Henry
9 (RLIN) 16914
942 ## - ADDED ENTRY ELEMENTS (KOHA)
Source of classification or shelving scheme Library of Congress Classification
Item type Monograph ( Printed materials)
Holdings
Withdrawn status Lost status Source of classification or shelving scheme Damaged status Not for loan Collection code Home library Current library Shelving location Date acquired Total Checkouts Full call number Barcode Date last seen Price effective from Koha item type
    Library of Congress Classification     Main Collection ARRUPE LIBRARY ARRUPE LIBRARY Main Collection 07/04/2015   Q175.L444 1983 46500002534 03/07/2019 07/04/2015 Monograph ( Printed materials)

 

Arrupe Library. PO Box MP320 Mt Pleasant, Harare, Zimbabwe
263 242 745411|librarian@aju.ac.zw